Króle strzelców Premier League 1999/00 - 2021/22 - Statystyki

Ogólne statystyki
  • Ten quiz został rozwiązany 91 razy
  • Średni wynik to 14 z 23
Statystyki odpowiedzi
Odpowiedź % Poprawnych
2017/18 Mohamed Salah
91%
2018/19 Mohamed Salah
91%
2015/16 Harry Kane
86%
2016/17 Harry Kane
86%
2020/21 Harry Kane
86%
2007/08 Cristiano Ronaldo
83%
2014/15 Sergio Aguero
81%
2001/02 Thierry Henry
69%
2003/04 Thierry Henry
69%
2004/05 Thierry Henry
69%
2005/06 Thierry Henry
69%
2006/07 Didier Drogba
65%
2009/10 Didier Drogba
65%
2019/20 Jamie Vardy
61%
2011/12 Robin Van Persie
61%
2012/13 Robin Van Persie
61%
2021/22 Hueng Min Son
59%
2013/14 Luis Suarez
50%
2010/11 Carlos Tevez
31%
2002/03 Ruud Van Nistelrooy
31%
2008/09 Nicolas Anelka
25%
2000/01 Jimmy Floyd Hasselbaink
9%
1999/00 Kevin Phillips
5%
Nie znaleziono quizów pasujących do podanych kryteriów
Rozkład punktacji
Procent ludzi z każdym wynikiem
Percentyl według liczby udzielonych odpowiedzi
Twoja historia wyników
Nie rozwiązałeś tego quizu